Libre competencia y retail: un análisis crítico
Gespeichert in:
| 1. Verfasser: | |
|---|---|
| Weitere Verfasser: | |
| Format: | Buch |
| Sprache: | Spanisch |
| Veröffentlicht: |
Santiago
Legal Publishing Chile
2010
|
| Ausgabe: | 1a. ed |
| Schlagworte: | |
| Tags: |
Tag hinzufügen
Keine Tags, Fügen Sie den ersten Tag hinzu!
|
MARC
| LEADER | 00000nam a2200000 a 4500 | ||
|---|---|---|---|
| 001 | UCG4132 | ||
| 003 | CL-VaPUC | ||
| 008 | 101007e20100900CL |||||||||||||||||spa|d | ||
| 020 | |a 9789562389198 | ||
| 082 | 0 | 4 | |a 343.07 |b MON |2 21 |
| 100 | |a Montt Rettig, Paulo |e autor |9 553440 | ||
| 700 | |a Nehme Zalaquett, Nicole |e autora |9 773265 | ||
| 245 | 1 | 0 | |a Libre competencia y retail: un análisis crítico |
| 250 | |a 1a. ed | ||
| 300 | |a 397 p | ||
| 942 | |c BK | ||
| 945 | |d 20101007 00:00:00 |a mfarfan | ||
| 260 | |a Santiago |b Legal Publishing Chile |c 2010 | ||
| 650 | 0 | |a Libre competencia |9 391595 | |
| 650 | 7 | |a RETAIL |2 CL-VaPUC |9 527588 | |
| 650 | 0 | |a Comercio |9 255341 | |
| 650 | 0 | |a Actividad económica |9 404494 | |
| 650 | 0 | |a Política económica |9 255029 | |
| 583 | |a last modification |c 20101007 00:00:00 |k Rodrigo Vera | ||
| 999 | |c 342983 |d 342981 | ||
| 952 | |0 0 |1 0 |4 0 |6 343_070000000000000_MON_2010 |7 0 |8 A |9 439773 |a BIBDER |b BIBDER |d 2019-11-22 |i 4725093 |o 343.07 MON 2010 |p 4725093 |r 2023-01-25 |w 2019-11-22 |y BK |k DER | ||